[Event "S.W.I.F.T. world blitz championship"]
[Site "Brussels"][Source "chess-db.com"]
[Date "1987.??.??"]
[Round "?"]
[White "Short, Nigel David"]
[Black "Hübner, Robert"]
[WhiteElo "2615"]
[BlackElo "2615"]
[Result "1-0"]

1. e4 e6 2. d4 d5 3. Nc3 Bb4 4. e5 c5 5. a3 Bxc3+ 6. bxc3 Ne7 7. Nf3 Nbc6 8. Be2 Qa5 9. O-O Bd7 10. a4 f6 11. Ba3 fxe5 12. Bxc5 e4 13. Ng5 O-O 14. Bg4 Rf6 15. c4 Nf5 16. cxd5 exd5 17. c4 dxc4 18. Nxe4 Rf7 19. Bh5 g6 20. Be2 Qa6 21. g4 Nh4 22. Nd6 Na5 23. Nxf7 Kxf7 24. Qd2 Kg7 25. Qg5 Qf6 26. Qxf6+ Kxf6 27. f4 b6 28. Bd6 Bc6 29. Be5+ Kf7 30. f5 gxf5 31. Bg3 Ng6 32. Rxf5+ Kg7 33. Raf1 Bxa4 34. h4 Rf8 35. h5 Rxf5 36. Rxf5 Nf8 37. Be5+ Kg8 38. Bf3 Bc6 39. d5 Bd7 40. Rg5+ Kf7 41. Rg7+ Ke8 42. Bf6 Nb7 43. Re7+ Kd8 44. Rxh7+ Kc7 45. Rh8 

1-0

[Event "S.W.I.F.T. world blitz championship"]
[Site "Brussels"][Source "chess-db.com"]
[Date "1987.??.??"]
[Round "?"]
[White "Karpov, Anatoly Yevgenyevich"]
[Black "Torre, Eugenio"]
[WhiteElo "2710"]
[BlackElo "2540"]
[Result "1-0"]

1. e4 d6 2. d4 Nf6 3. Nc3 g6 4. Nf3 Bg7 5. Be2 O-O 6. O-O c5 7. d5 Na6 8. h3 Nc7 9. a4 b6 10. Re1 Bb7 11. Bc4 a6 12. Qd3 e6 13. dxe6 Nxe6 14. Bd2 Qc7 15. Rad1 Rfd8 16. Nd5 Nxd5 17. Bxd5 Bxd5 18. Qxd5 Nd4 19. Nxd4 cxd4 20. Rc1 Rac8 21. c4 dxc3 22. Bxc3 Bxc3 23. Rxc3 Qd7 24. Rxc8 Rxc8 25. e5 Rc5 26. Qd3 Qe6 27. Qxa6 Rxe5 28. Rxe5 Qxe5 29. Qxb6 Qe1+ 30. Kh2 Qe5+ 31. g3 d5 32. a5 d4 33. a6 Kg7 34. a7 Qd5 35. Qb8 Qf3 36. a8=Q Qxf2+ 37. Qg2 

1-0

[Event "S.W.I.F.T. world blitz championship"]
[Site "Brussels"][Source "chess-db.com"]
[Date "1987.??.??"]
[Round "?"]
[White "Karpov, Anatoly Yevgenyevich"]
[Black "Sosonko, Gennadi"]
[WhiteElo "2710"]
[BlackElo "2545"]
[Result "1-0"]

1. e4 c5 2. Nf3 d6 3. d4 cxd4 4. Nxd4 Nf6 5. Nc3 g6 6. Be3 Bg7 7. f3 Nc6 8. Qd2 O-O 9. Bc4 Bd7 10. Bb3 Rc8 11. O-O-O Ne5 12. Kb1 Nc4 13. Bxc4 Rxc4 14. g4 b5 15. Nce2 Qc7 16. Bh6 Rc8 17. Bxg7 Kxg7 18. c3 b4 19. cxb4 e5 20. Nb3 Rc2 21. Qd3 Qb6 22. Nc3 Rg2 23. Rd2 Rxd2 24. Qxd2 Qxb4 25. Rd1 Rc6 26. h4 Be6 27. Nc1 Qc4 28. h5 Rb6 29. h6+ Kf8 30. Qe3 d5 31. exd5 Nxd5 32. Nxd5 Bxd5 33. Qxe5 Be6 34. Qh8+ 

1-0

[Event "S.W.I.F.T. world blitz championship"]
[Site "Brussels"][Source "chess-db.com"]
[Date "1987.??.??"]
[Round "?"]
[White "Larsen, Bent"]
[Black "Karpov, Anatoly Yevgenyevich"]
[WhiteElo "2565"]
[BlackElo "2710"]
[Result "1-0"]

1. d4 Nf6 2. c4 e6 3. Nf3 b6 4. g3 Ba6 5. b3 Bb4+ 6. Bd2 Be7 7. Bg2 c6 8. O-O d5 9. Bc3 O-O 10. Nbd2 Nbd7 11. Bb2 Rc8 12. Rc1 c5 13. Re1 cxd4 14. Nxd4 Bb7 15. a3 Ba8 16. cxd5 Nxd5 17. e4 N5f6 18. Nc4 a6 19. e5 Nd5 20. Nf5 exf5 21. Bxd5 Bxd5 22. Qxd5 Nc5 23. Nd6 Qd7 24. Nxc8 Qxc8 25. b4 Qe6 26. Qxe6 Nxe6 27. Rc6 Bd8 28. Rd1 f4 29. a4 h5 30. Rd7 Re8 31. Kg2 g5 32. Rc8 Kf8 33. b5 axb5 34. axb5 g4 35. h4 gxh3+ 36. Kxh3 f3 37. Bd4 Ng5+ 38. Kh2 Ne6 39. Be3 Kg7 40. Bxb6 Bxb6 41. Rxe8 Ng5 42. e6 Kf6 43. exf7 

1-0

[Event "S.W.I.F.T. world blitz championship"]
[Site "Brussels"][Source "chess-db.com"]
[Date "1987.??.??"]
[Round "?"]
[White "Karpov, Anatoly Yevgenyevich"]
[Black "Ljubojević, Ljubomir"]
[WhiteElo "2710"]
[BlackElo "2620"]
[Result "1-0"]

1. d4 Nf6 2. c4 d6 3. Nc3 g6 4. Nf3 Bg7 5. g3 O-O 6. Bg2 Nc6 7. O-O a6 8. d5 Na5 9. Nd2 c5 10. Rb1 Ng4 11. Qc2 Bd7 12. b3 b5 13. Bb2 Ne5 14. Nd1 Rb8 15. f4 Ng4 16. Bxg7 Kxg7 17. h3 Nf6 18. Nf2 Qc7 19. g4 Kg8 20. Bf3 Ne8 21. g5 Ng7 22. e4 f6 23. Ng4 Bxg4 24. Bxg4 Nb7 25. Qd3 Nd8 26. h4 Nf7 27. Be6 Kh8 28. Nf3 Nh5 29. Qe3 bxc4 30. bxc4 Rxb1 31. Rxb1 Nd8 32. f5 Nxe6 33. dxe6 gxf5 34. exf5 fxg5 35. Qc3+ Kg8 36. Nxg5 Rxf5 37. Nf7 Rf6 38. Qe3 Qc6 39. Ng5 Nf4 40. Ne4 Rg6+ 41. Kh2 Nxe6 42. Rb8+ Kg7 43. Qf3 h5 44. Qf5 Rg4 45. Qxe6 Rxh4+ 46. Kg3 Rg4+ 47. Kh3 Qxe4 48. Rg8+ Kh7 49. Qf7+ Kh6 50. Rh8+ Kg5 51. Rxh5# 

1-0

[Event "S.W.I.F.T. world blitz championship"]
[Site "Brussels"][Source "chess-db.com"]
[Date "1987.??.??"]
[Round "?"]
[White "Karpov, Anatoly Yevgenyevich"]
[Black "Tāls, Mihails"]
[WhiteElo "2710"]
[BlackElo "2605"]
[Result "1-0"]

1. d4 Nf6 2. c4 e6 3. Nf3 d5 4. Nc3 Bb4 5. Bg5 h6 6. Bh4 dxc4 7. Qa4+ Nc6 8. Bxf6 Qxf6 9. a3 Bxc3+ 10. bxc3 O-O 11. Qxc4 e5 12. e3 exd4 13. cxd4 Be6 14. Qc5 Rad8 15. Be2 Bd5 16. O-O Rfe8 17. Rfe1 Qg6 18. Qc3 Re6 19. Bd3 Be4 20. Rad1 Rd5 21. Bxe4 Rxe4 22. g3 h5 23. Qd3 Qe6 24. Qf1 Qf6 25. Qg2 Re8 26. Nd2 Ra5 27. Rb1 Rxa3 28. Ne4 Qg6 29. Nc5 Ra2 30. Nxb7 Ne7 31. Nc5 Nf5 32. Qf3 Nd6 33. Qf4 a5 34. Rbc1 Re7 35. Ra1 Rxa1 36. Rxa1 Nc4 37. Qf3 Qc2 38. Qxh5 Nd2 39. Qe2 Qc3 40. Kg2 Qxa1 41. Qxd2 Qb1 42. Qxa5 Qb6 43. Qa8+ Kh7 44. Qd5 Qd6 45. Qh5+ Kg8 46. Qg4 Qd5+ 47. Kh3 g6 48. Qh4 Re8 49. Qf6 Qh5+ 50. Kg2 Qd5+ 51. Kg1 

1-0

[Event "S.W.I.F.T. world blitz championship"]
[Site "Brussels"][Source "chess-db.com"]
[Date "1987.??.??"]
[Round "?"]
[White "Hübner, Robert"]
[Black "Ljubojević, Ljubomir"]
[WhiteElo "2615"]
[BlackElo "2620"]
[Result "1/2-1/2"]

1. e4 d6 2. d4 Nf6 3. Nc3 g6 4. Be3 Bg7 5. Qd2 Ng4 6. Bg5 h6 7. Bh4 g5 8. Bg3 e5 9. dxe5 Nxe5 10. O-O-O Nbc6 11. f4 gxf4 12. Bxf4 Be6 13. Nd5 Qd7 14. Nf3 O-O-O 15. Be2 Kb8 16. Kb1 f5 17. exf5 Bxf5 18. Rhf1 Rde8 19. Bg3 Rhf8 20. Nh4 Be4 21. Nc3 Bh7 22. Rxf8 Rxf8 23. Rf1 Re8 24. a3 Ng4 25. Bd3 Bxd3 26. Qxd3 a6 27. Qf5 Qxf5 28. Nxf5 Bxc3 29. bxc3 Re6 30. h3 Nge5 31. Bf4 h5 32. Bc1 Rg6 33. Ne3 Na5 34. Rf4 b5 35. g4 hxg4 36. Nxg4 Nac4 37. Ka2 Kb7 38. Nxe5 dxe5 39. Rf7 Rg3 40. h4 Rxc3 41. Kb1 Rh3 42. Rh7 Nxa3+ 43. Ka2 Nc4 44. h5 e4 45. Bf4 e3 46. Rxc7+ Kb6 47. Re7 Rxh5 48. Bxe3+ Ka5 49. Bc1 Rh2 50. Kb3 Rh3+ 51. Ka2 Kb4 52. Re2 a5 53. Rg2 Ka4 54. Rg4 Rc3 55. Kb1 b4 56. Bb2 Na3+ 57. Bxa3 Kxa3 58. Rg1 a4 59. Rf1 Rh3 60. Rg1 Rh2 61. Rg3+ b3 62. cxb3 Rh1+ 63. Kc2 Rh2+ 64. Kb1 axb3 65. Rg1 

1/2-1/2

[Event "S.W.I.F.T. world blitz championship"]
[Site "Brussels"][Source "chess-db.com"]
[Date "1987.??.??"]
[Round "?"]
[White "Hübner, Robert"]
[Black "van der Wiel, John"]
[WhiteElo "2615"]
[BlackElo "2590"]
[Result "1/2-1/2"]

1. e4 c5 2. Nf3 e6 3. d4 cxd4 4. Nxd4 Nf6 5. Nc3 Nc6 6. Nxc6 bxc6 7. e5 Nd5 8. Ne4 Qc7 9. f4 Qb6 10. c4 Ne3 11. Qd3 Nf5 12. b3 Bb7 13. Be2 Rd8 14. Bf3 Nd4 15. Bg4 d5 16. exd6 Bxd6 17. Be3 Nc2+ 18. Ke2 Nxe3 19. Nxd6+ Rxd6 20. Qxe3 c5 21. Bf3 O-O 22. Rhd1 Bxf3+ 23. Kxf3 Rfd8 24. Rxd6 Qxd6 25. Re1 h5 26. Qe5 Qd2 27. Re2 Qc1 28. Qe3 Qf1+ 29. Qf2 Rd3+ 30. Re3 Qd1+ 31. Qe2 Rxe3+ 32. Kxe3 Qg1+ 33. Kf3 Qxh2 34. Qe5 h4 35. Qg5 f6 36. Qg6 Kf8 37. Qg4 Kf7 38. Qh5+ Ke7 39. Qg4 Qg3+ 40. Qxg3 hxg3 41. Kxg3 Kd6 42. Kf3 f5 43. a3 a5 44. Ke3 e5 45. g3 g6 46. Kd3 Ke6 47. Kc3 Kd6 48. Kd3 Ke6 

1/2-1/2

[Event "S.W.I.F.T. world blitz championship"]
[Site "Brussels"][Source "chess-db.com"]
[Date "1987.??.??"]
[Round "?"]
[White "Hübner, Robert"]
[Black "Larsen, Bent"]
[WhiteElo "2615"]
[BlackElo "2565"]
[Result "1/2-1/2"]

1. e4 e5 2. Nf3 Nc6 3. Bb5 a6 4. Ba4 Nf6 5. O-O Be7 6. Re1 b5 7. Bb3 d6 8. c3 O-O 9. h3 Na5 10. Bc2 c5 11. d4 Nd7 12. Nbd2 cxd4 13. cxd4 Nc6 14. Nf1 exd4 15. Nxd4 Nxd4 16. Qxd4 Ne5 17. Qd1 Bb7 18. Ne3 Re8 19. Nd5 Rc8 20. Bb3 Nc4 21. a4 Bxd5 22. Qxd5 Bf6 23. axb5 axb5 24. Ra7 Nxb2 25. e5 Rxe5 26. Qxf7+ Kh8 27. Rf1 Nd3 28. Be3 Nc5 29. Bc2 Qe8 30. Qa2 b4 31. Rb1 Rxe3 32. fxe3 Qxe3+ 33. Kh1 b3 34. Ra8 Qe8 35. Rxc8 Qxc8 36. Bxb3 Ne4 37. Bd5 Ng3+ 38. Kh2 Be5 39. Qa8 Qxa8 40. Bxa8 h5 41. Rb3 Ne2+ 42. Kh1 Ng3+ 43. Kg1 Bd4+ 44. Kh2 h4 45. Bf3 g6 46. Rd3 Be5 47. Ra3 Kg7 48. Ra4 g5 49. Bd5 Kf6 50. Kg1 Bd4+ 51. Rxd4 Ne2+ 52. Kf2 Nxd4 53. Ke3 Nf5+ 54. Kf3 Ke5 55. Ba2 d5 56. Kg4 Ne3+ 57. Kxg5 Nxg2 58. Kg4 d4 59. Kf3 Nf4 60. Bb1 Nxh3 61. Kg4 Nf2+ 62. Kxh4 d3 63. Bxd3 Nxd3 

1/2-1/2

[Event "S.W.I.F.T. world blitz championship"]
[Site "Brussels"][Source "chess-db.com"]
[Date "1987.??.??"]
[Round "?"]
[White "Short, Nigel David"]
[Black "Larsen, Bent"]
[WhiteElo "2615"]
[BlackElo "2565"]
[Result "1-0"]

1. e4 c6 2. c4 d5 3. exd5 cxd5 4. cxd5 Nf6 5. Bb5+ Nbd7 6. Nc3 g6 7. d4 Bg7 8. d6 exd6 9. Qe2+ Qe7 10. Bf4 Qxe2+ 11. Bxe2 Ke7 12. O-O-O Rd8 13. Bf3 Nb6 14. h3 h5 15. Nge2 Rb8 16. Rhe1 a6 17. Bg5 Kf8 18. Ng3 Re8 19. Rxe8+ Nxe8 20. Nge4 Be6 21. d5 Bf5 22. g4 hxg4 23. hxg4 Bxe4 24. Nxe4 Rc8+ 25. Kb1 Nc4 26. Bc1 Nf6 27. g5 Nxe4 28. Bxe4 b5 29. b3 Ne5 30. f4 Nd7 31. Bc2 Nb6 32. Be3 Rb8 33. f5 gxf5 34. Bxf5 Be5 35. Kc2 Nc8 36. Kd3 Ne7 37. Be4 Rc8 38. Bd4 Bxd4 39. Kxd4 Kg7 40. Rh1 Rh8 41. Rxh8 Kxh8 42. Kc3 a5 43. b4 a4 44. Kd4 Nc8 45. Bd3 Na7 46. Ke4 Kg7 47. Kf5 Kf8 48. Kf6 Ke8 49. a3 Kf8 50. Bf5 Ke8 51. g6 fxg6 52. Kxg6 Ke7 53. Kg7 Kd8 54. Kf7 Kc7 55. Ke7 

1-0

[Event "S.W.I.F.T. world blitz championship"]
[Site "Brussels"][Source "chess-db.com"]
[Date "1987.??.??"]
[Round "?"]
[White "Short, Nigel David"]
[Black "Karpov, Anatoly Yevgenyevich"]
[WhiteElo "2615"]
[BlackElo "2710"]
[Result "1-0"]

1. e4 c6 2. c4 d5 3. exd5 cxd5 4. cxd5 Nf6 5. Bb5+ Bd7 6. Bc4 b5 7. Bb3 a5 8. a3 Na6 9. d4 Nc7 10. Qf3 Bg4 11. Qg3 Ncxd5 12. Nf3 e6 13. O-O Bf5 14. Ne5 a4 15. Ba2 Rc8 16. Nd2 Nh5 17. Qf3 Nhf6 18. g4 Bg6 19. h4 Nd7 20. h5 Nxe5 21. dxe5 Bc2 22. Ne4 Be7 23. h6 Rg8 24. Re1 gxh6 25. Nd6+ Bxd6 26. Bxd5 Qh4 27. exd6 Qxg4+ 28. Qxg4 Rxg4+ 29. Bg2 Kd7 30. f3 Rg6 31. Bf4 Rcg8 32. Re2 Bd3 33. Rd2 Bc4 34. Rc1 f6 35. Kh1 h5 36. Bh2 h4 37. Bh3 f5 38. Rd4 Rc8 39. Be5 h6 40. Rg1 Rxg1+ 41. Kxg1 Bd5 42. Rxd5 Rc1+ 43. Kf2 Rc2+ 44. Ke3 exd5 45. Bxf5+ Kc6 46. Bxc2 

1-0

[Event "S.W.I.F.T. world blitz championship"]
[Site "Brussels"][Source "chess-db.com"]
[Date "1987.??.??"]
[Round "?"]
[White "Sosonko, Gennadi"]
[Black "van der Wiel, John"]
[WhiteElo "2545"]
[BlackElo "2590"]
[Result "1-0"]

1. d4 Nf6 2. c4 e6 3. g3 c5 4. Nf3 cxd4 5. Nxd4 Qc7 6. Nc3 a6 7. Bg5 Be7 8. Rc1 b6 9. Bg2 Bb7 10. Nd5 exd5 11. cxd5 Bb4+ 12. Kf1 Qe5 13. Bf4 Qh5 14. Qb3 Nxd5 15. Bf3 Qh3+ 16. Bg2 Qh5 17. Bxd5 Qxd5 18. Rc8+ Ke7 19. Qxb4+ Kf6 20. e4 Nc6 21. Rxc6+ 

1-0

[Event "S.W.I.F.T. world blitz championship"]
[Site "Brussels"][Source "chess-db.com"]
[Date "1987.??.??"]
[Round "?"]
[White "Hübner, Robert"]
[Black "Karpov, Anatoly Yevgenyevich"]
[WhiteElo "2615"]
[BlackElo "2710"]
[Result "0-1"]

1. c4 Nf6 2. Nc3 e5 3. Nf3 Nc6 4. g3 Bb4 5. Bg2 O-O 6. Nd5 Bc5 7. O-O d6 8. a3 a5 9. d3 h6 10. Nc3 Be6 11. e3 Ba7 12. Qc2 Qd7 13. b3 Bh3 14. Bb2 Bxg2 15. Kxg2 Rfe8 16. Rad1 Rad8 17. d4 exd4 18. exd4 Ne7 19. Nb5 Bb6 20. d5 Nfxd5 21. Qe4 c6 22. cxd5 cxb5 23. Qd3 Ng6 24. h3 Rc8 25. Rfe1 b4 26. axb4 axb4 27. Rxe8+ Rxe8 28. Rd2 Bc5 29. Re2 Rxe2 30. Qxe2 Qf5 31. Qc4 b5 32. Qxb5 Qxd5 33. Bd4 Kh7 34. Qd3 Bxd4 35. Qxd4 Qxb3 36. Qxd6 Qc4 37. Nd2 Qb5 38. Nb3 Ne5 39. Qd1 Qc6+ 40. Kf1 Qh1+ 41. Ke2 Qxh3 42. Qc2+ f5 43. Nd4 Qg4+ 44. Ke3 Kg6 45. f3 Qg5+ 46. Kf2 Qf6 47. Qb3 Ng4+ 48. fxg4 Qxd4+ 49. Kg2 Qxg4 50. Qe6+ Kh7 51. Kh2 Qe4 52. Qf7 Qd3 53. Kh3 b3 54. Kh4 Qe4+ 55. Kh3 b2 

0-1

[Event "S.W.I.F.T. world blitz championship"]
[Site "Brussels"][Source "chess-db.com"]
[Date "1987.??.??"]
[Round "?"]
[White "Ljubojević, Ljubomir"]
[Black "Sosonko, Gennadi"]
[WhiteElo "2620"]
[BlackElo "2545"]
[Result "1-0"]

1. c4 e5 2. Nc3 Nf6 3. Nf3 Nc6 4. g3 d5 5. cxd5 Nxd5 6. Bg2 Nb6 7. O-O Be7 8. d3 O-O 9. a3 Be6 10. b4 f5 11. Rb1 Bf6 12. Bb2 Rb8 13. Nd2 Bf7 14. b5 Nd4 15. a4 Kh8 16. a5 Nd5 17. e3 Nxc3 18. Bxc3 Ne6 19. Nc4 e4 20. Bb4 exd3 21. Bxf8 Nxf8 22. Nb2 d2 23. Qc2 Qd7 24. Nc4 Rd8 25. Rfd1 Bxc4 26. Qxc4 Ng6 27. Bxb7 Ne5 28. Qc2 Ng4 29. Bc6 Qd6 30. Qxf5 Ne5 31. h4 g6 32. Qf4 Kg7 33. Qb4 Qd3 34. Rb2 Nc4 35. Rbb1 Rd6 36. Bf3 Be5 37. Qb3 Qxb3 38. Rxb3 Nb2 39. Kf1 Nxd1 40. Bxd1 Kf6 41. Ke2 Ke7 42. Bc2 Rd5 43. Bd3 Bd6 44. Kxd2 a6 45. bxa6 Rxa5 46. Ke2 

1-0

[Event "S.W.I.F.T. world blitz championship"]
[Site "Brussels"][Source "chess-db.com"]
[Date "1987.??.??"]
[Round "?"]
[White "Ljubojević, Ljubomir"]
[Black "Short, Nigel David"]
[WhiteElo "2620"]
[BlackElo "2615"]
[Result "1/2-1/2"]

1. c4 e5 2. Nc3 Nc6 3. g3 g6 4. Bg2 Bg7 5. Nf3 f5 6. O-O d6 7. d3 Nf6 8. Rb1 O-O 9. b4 a6 10. a4 h6 11. b5 axb5 12. axb5 Ne7 13. Ne1 c6 14. Nc2 d5 15. bxc6 bxc6 16. cxd5 cxd5 17. Ba3 Be6 18. Rb7 Rf7 19. Qb1 Rc8 20. Nb5 Ne8 21. Nb4 e4 22. Rc1 Be5 23. d4 Bg7 24. e3 g5 25. Bf1 f4 26. Na6 fxe3 27. fxe3 Nf5 28. Rxf7 Kxf7 29. Qb3 Rxc1 30. Bxc1 Ned6 31. Nc5 Nxb5 32. Qxb5 Bc8 33. Qc6 Ne7 34. Qb5 Qd6 35. Be2 g4 36. Bd1 Qc6 37. Qb8 Bf5 38. Ba4 Qc8 39. Qa7 h5 40. Bd2 Bf6 41. Ba5 Bg5 42. Kf2 h4 43. Bc7 hxg3+ 44. hxg3 Qh8 45. Bd6 Qh2+ 46. Ke1 Qg1+ 47. Kd2 Qxe3+ 48. Kc2 Qxd4 49. Kb3 Qc4+ 50. Kb2 Bf6+ 51. Ka3 Qc3+ 52. Bb3 Qa1+ 53. Ba2 e3 54. Na4 Qc1+ 55. Kb4 e2 56. Bxe7 e1=Q+ 57. Kb5 Qe2+ 58. Kb6 Bxe7 59. Qa5 Qed2 60. Bxd5+ Kf6 61. Qxd2 Qxd2 62. Bc4 

1/2-1/2

[Event "S.W.I.F.T. world blitz championship"]
[Site "Brussels"][Source "chess-db.com"]
[Date "1987.??.??"]
[Round "?"]
[White "Hübner, Robert"]
[Black "Tāls, Mihails"]
[WhiteElo "2615"]
[BlackElo "2605"]
[Result "0-1"]

1. c4 e6 2. Nf3 Nf6 3. Nc3 d5 4. d4 Bb4 5. Bg5 h6 6. Bxf6 Qxf6 7. e3 c5 8. a3 cxd4 9. exd4 Bxc3+ 10. bxc3 dxc4 11. Bxc4 Nc6 12. O-O O-O 13. Qe2 b6 14. Bd3 Bb7 15. Qe4 Rfd8 16. Rfe1 Rac8 17. Rac1 g6 18. Qe3 Kg7 19. Be4 Na5 20. Bxb7 Nxb7 21. Ne5 h5 22. Qd3 Nd6 23. a4 Rc7 24. a5 bxa5 25. Qa6 Nf5 26. Qxa5 Rdc8 27. Qb4 Qg5 28. Nf3 Qf4 29. h3 g5 30. Ne5 g4 31. hxg4 hxg4 32. Qb2 Rh8 33. g3 Qh6 34. Kf1 Nxg3+ 35. fxg3 

0-1

[Event "S.W.I.F.T. world blitz championship"]
[Site "Brussels"][Source "chess-db.com"]
[Date "1987.??.??"]
[Round "?"]
[White "Torre, Eugenio"]
[Black "Korchnoi, Viktor Lvovich"]
[WhiteElo "2540"]
[BlackElo "2625"]
[Result "1-0"]

1. d4 f5 2. Bg5 d5 3. e3 Nf6 4. Nd2 g6 5. Ngf3 Bg7 6. c4 e6 7. Rc1 O-O 8. Bd3 c6 9. O-O Qe8 10. Bf4 Nbd7 11. Bd6 Ne4 12. Bxf8 Qxf8 13. a3 h6 14. b4 Kh7 15. Qb3 g5 16. Qb2 g4 17. Ne1 Qe7 18. g3 Ndf6 19. Ng2 Bd7 20. b5 c5 21. cxd5 exd5 22. Bxe4 Nxe4 23. Nxe4 fxe4 24. Nf4 cxd4 25. exd4 Qd6 26. Rfd1 Rd8 27. Qb3 Be8 

1-0

[Event "S.W.I.F.T. world blitz championship"]
[Site "Brussels"][Source "chess-db.com"]
[Date "1987.??.??"]
[Round "?"]
[White "Ljubojević, Ljubomir"]
[Black "Karpov, Anatoly Yevgenyevich"]
[WhiteElo "2620"]
[BlackElo "2710"]
[Result "0-1"]

1. c4 Nf6 2. Nc3 e6 3. Nf3 d5 4. d4 Be7 5. e3 O-O 6. Bd3 b6 7. O-O Bb7 8. Qe2 Nbd7 9. Rd1 Ne4 10. Bd2 c5 11. Be1 cxd4 12. exd4 Ndf6 13. b3 Rc8 14. Ne5 Nxc3 15. Bxc3 Rc7 16. a4 a5 17. Rac1 Qa8 18. f3 Rd8 19. Bb1 Ba6 20. Qd3 g6 21. Qe2 Bf8 22. Bd3 Rdc8 23. Bd2 Bg7 24. Re1 Ne8 25. Be3 Nd6 26. Bf2 Nf5 27. Rcd1 Rd8 28. h4 dxc4 29. Bxc4 Bb7 30. h5 Bd5 31. hxg6 hxg6 32. g4 Nd6 33. Bxd5 Qxd5 34. Rd3 Rdc8 35. Red1 Rc2 36. Qe3 Rb2 37. Rc1 Rxc1+ 38. Qxc1 Rxb3 39. Rxb3 Qxb3 40. Qc7 Qd5 41. Nc6 Bf6 42. Qxb6 Qxf3 43. Qb8+ Kg7 44. Qxd6 Qxg4+ 

0-1

[Event "S.W.I.F.T. world blitz championship"]
[Site "Brussels"][Source "chess-db.com"]
[Date "1987.??.??"]
[Round "?"]
[White "Ljubojević, Ljubomir"]
[Black "Larsen, Bent"]
[WhiteElo "2620"]
[BlackElo "2565"]
[Result "1/2-1/2"]

1. c4 c5 2. Nf3 Nc6 3. g3 g6 4. Bg2 Bg7 5. O-O Nh6 6. Nc3 Nf5 7. d3 b6 8. Bd2 Bb7 9. Rb1 d6 10. a3 Qd7 11. b4 h5 12. e3 h4 13. Qc2 hxg3 14. hxg3 Ne5 15. Nxe5 Bxg2 16. Kxg2 Bxe5 17. Rh1 O-O-O 18. Ne2 Qc6+ 19. e4 e6 20. b5 Qb7 21. Rxh8 Rxh8 22. Rh1 Rxh1 23. Kxh1 Nd4 24. Nxd4 Bxd4 25. Kg2 d5 26. f3 f5 27. exd5 exd5 28. Bg5 Qf7 29. Qe2 dxc4 30. dxc4 Kd7 31. a4 Qe6 32. Qxe6+ Kxe6 

1/2-1/2

[Event "S.W.I.F.T. world blitz championship"]
[Site "Brussels"][Source "chess-db.com"]
[Date "1987.??.??"]
[Round "?"]
[White "Ljubojević, Ljubomir"]
[Black "Tāls, Mihails"]
[WhiteElo "2620"]
[BlackElo "2605"]
[Result "1-0"]

1. d4 Nf6 2. c4 e6 3. Nf3 d5 4. Nc3 Bb4 5. Bg5 h6 6. Bxf6 Qxf6 7. e3 c5 8. cxd5 exd5 9. Bb5+ Bd7 10. Bxd7+ Nxd7 11. Qb3 Bxc3+ 12. bxc3 Qc6 13. O-O O-O 14. Rab1 b6 15. Rfd1 Rfd8 16. c4 dxc4 17. Qxc4 Rac8 18. dxc5 bxc5 19. Rd2 Nb6 20. Rxd8+ Rxd8 21. Qxf7+ Kxf7 22. Ne5+ Ke6 23. Nxc6 Rd2 24. Nxa7 Nd5 25. a3 c4 26. Nb5 c3 27. Rc1 Ke5 28. Kf1 Rb2 29. Nxc3 Nb6 30. Rb1 

1-0

[Event "S.W.I.F.T. world blitz championship"]
[Site "Brussels"][Source "chess-db.com"]
[Date "1987.??.??"]
[Round "?"]
[White "Short, Nigel David"]
[Black "Ljubojević, Ljubomir"]
[WhiteElo "2615"]
[BlackElo "2620"]
[Result "0-1"]

1. e4 c5 2. f4 Nc6 3. Nf3 e6 4. Bb5 Nge7 5. O-O a6 6. Bxc6 Nxc6 7. d3 g6 8. f5 d6 9. fxe6 Bxe6 10. Ng5 Bg7 11. Nxe6 fxe6 12. Nc3 Qe7 13. Qg4 Ne5 14. Qg3 Nf7 15. Be3 O-O 16. h4 b5 17. a3 Ne5 18. Qh3 h5 19. Qg3 Ng4 20. Bf4 Bd4+ 21. Kh1 Qf6 22. Rf3 Bf2 23. Qh3 Bxh4 24. Raf1 Qe7 25. Bxd6 Qxd6 26. Qxh4 Kg7 27. Ne2 Qe5 28. c3 g5 29. Qh3 Nf6 30. Qg3 Qxg3 31. Nxg3 Kg6 32. e5 Nd7 33. Rxf8 Rxf8 34. Rxf8 Nxf8 35. Ne4 Nd7 36. d4 cxd4 37. cxd4 Kf5 38. Nd6+ Kf4 39. Kg1 Ke3 40. Nf7 Kxd4 41. Nxg5 Kxe5 42. Kf2 Kf5 43. Nf3 Kf4 44. Nd4 e5 45. Ne6+ Ke4 46. Nc7 Nc5 47. b4 Nd3+ 48. Kg3 Kd4 49. Nxa6 e4 50. Nc5 Nxc5 51. bxc5 Kxc5 52. Kf2 Kd4 53. Ke2 e3 54. g3 Ke4 55. Ke1 Kf3 56. Kf1 Kxg3 57. Ke2 Kf4 58. Kd3 Kf3 59. Kd4 e2 60. Kd5 e1=Q 61. Kc6 Qe5 62. Kb6 Ke4 63. Ka5 Kd4 64. a4 bxa4+ 

0-1

[Event "S.W.I.F.T. world blitz championship"]
[Site "Brussels"][Source "chess-db.com"]
[Date "1987.??.??"]
[Round "?"]
[White "Sosonko, Gennadi"]
[Black "Ljubojević, Ljubomir"]
[WhiteElo "2545"]
[BlackElo "2620"]
[Result "1-0"]

1. d4 g6 2. c4 Bg7 3. Nc3 d6 4. e4 Nd7 5. Nf3 e5 6. Be2 Ne7 7. h4 h6 8. Be3 O-O 9. Qd2 Kh7 10. O-O-O c6 11. dxe5 dxe5 12. Qd6 Ng8 13. c5 Re8 14. Ng5+ hxg5 15. hxg5+ Nh6 16. gxh6 Bf8 17. Qd3 Qa5 18. Qc4 Re7 19. Rd6 b5 20. Qb3 b4 21. Na4 Ba6 22. Bxa6 Qxa6 23. Rhd1 Qb7 24. Bg5 f6 25. Bxf6 Bxh6+ 26. Kb1 Nxf6 27. Rxf6 Bg5 28. Rfd6 Kg7 29. Qg3 Bf6 30. Qg4 Rf8 31. Rd7 Qc8 32. Qe6 Re8 33. Rxe7+ Bxe7 34. Rd7 Kf8 35. b3 Bxc5 36. Qf7# 

1-0

[Event "S.W.I.F.T. world blitz championship"]
[Site "Brussels"][Source "chess-db.com"]
[Date "1987.??.??"]
[Round "?"]
[White "Larsen, Bent"]
[Black "Tāls, Mihails"]
[WhiteElo "2565"]
[BlackElo "2605"]
[Result "1/2-1/2"]

1. d4 Nf6 2. Nf3 c5 3. e3 b6 4. c4 cxd4 5. exd4 e6 6. Nc3 Bb7 7. Bd3 d5 8. cxd5 Nxd5 9. O-O Be7 10. Re1 O-O 11. Ne5 Nd7 12. Bd2 Nxe5 13. dxe5 Nb4 14. Be4 Bxe4 15. Rxe4 Nd3 16. Qg4 Nxf2 17. Kxf2 Qxd2+ 18. Re2 Bc5+ 19. Kf1 Qd4 20. Qxd4 Bxd4 21. Nb5 Bc5 22. Rd1 a6 23. Nc3 Rfd8 24. Red2 Rxd2 25. Rxd2 Kf8 26. Ne4 Ke7 27. Nxc5 bxc5 28. Rc2 Rc8 29. Rc4 f6 30. Rh4 h6 31. exf6+ Kxf6 32. Ke2 Rb8 33. b3 Rb4 34. Rh5 Re4+ 35. Kd3 Rd4+ 36. Kc3 Rd5 37. Rh4 Ke5 38. Ra4 Rd6 39. Ra5 Kd5 40. b4 Rc6 41. a4 e5 42. h4 e4 43. h5 Ke5 44. b5 axb5 45. axb5 Rf6 46. Ra2 Rf1 47. Rb2 Rf7 48. Kc4 e3 49. b6 Rb7 50. Kxc5 Ke4 51. Kc6 Rb8 52. b7 Kd3 53. Kc7 Rxb7+ 54. Kxb7 e2 55. Rb1 Kd2 56. Rb2+ Ke3 57. Rb1 Kf2 58. Kc6 e1=Q 59. Rxe1 Kxe1 60. Kd5 Kf2 61. Ke6 Kg3 62. Kf7 Kg4 63. Kg6 Kh4 64. g3+ Kg4 65. Kxg7 

1/2-1/2

[Event "S.W.I.F.T. world blitz championship"]
[Site "Brussels"][Source "chess-db.com"]
[Date "1987.??.??"]
[Round "?"]
[White "van der Wiel, John"]
[Black "Larsen, Bent"]
[WhiteElo "2590"]
[BlackElo "2565"]
[Result "1-0"]

1. e4 e5 2. Nf3 Nc6 3. Bb5 a6 4. Bxc6 dxc6 5. O-O f6 6. d4 exd4 7. Nxd4 c5 8. Ne2 Qxd1 9. Rxd1 Bg4 10. f3 Bd7 11. Nbc3 O-O-O 12. a4 Ne7 13. Be3 Nc6 14. Nd5 Nb4 15. Nxb4 cxb4 16. Nf4 Bd6 17. Nd5 Bc6 18. a5 h5 19. h4 f5 20. Bg5 Rd7 21. e5 Bc5+ 22. Ne3 Rxd1+ 23. Rxd1 Re8 24. Bf4 Bxe3+ 25. Bxe3 Rxe5 26. Bg5 Bd7 27. Rd4 b3 28. cxb3 Rxa5 29. Bd2 Ra1+ 30. Kf2 a5 31. Bc3 g6 32. Rd5 b6 33. Re5 Kd8 34. Bd2 c5 35. Bg5+ Kc7 36. Re7 Rd1 37. Rg7 Rd3 38. Rxg6 Rxb3 39. Bf6 b5 40. Be5+ Kc8 41. Rg8+ Kb7 42. Rh8 b4 43. Rxh5 c4 44. Rh6 a4 45. h5 a3 46. bxa3 c3 47. Rd6 c2 48. Rxd7+ Ka6 49. Rc7 Rc3 50. Rxc3 bxc3 51. Bf4 

1-0